00289nam a2200109 a 450000500170000000800410001705000180005824500590007626000160013565000080015165000200015920141022142001.0100916s19uu xx 00 eng d aDVDbR53 2005 aRoad to war:bhistory of the World War II:Japan, Asia. bBBC,c2005. aDVD aHistory-fiction